UM Logo

In heaven/ (Record no. 14857)

MARC details
000 -LEADER
fixed length control field 00514nam a22001697a 4500
008 - FIXED-LENGTH DATA ELEMENTS--GENERAL INFORMATION
fixed length control field 200117b ||||| |||| 00| 0 eng d
022 ## - INTERNATIONAL STANDARD SERIAL NUMBER
International Standard Serial Number 2094-8042
082 ## - DEWEY DECIMAL CLASSIFICATION NUMBER
Classification number DPer 370.105 M72 Jan-Dec 2012 v. 60-61
100 ## - MAIN ENTRY--PERSONAL NAME
9 (RLIN) 41239
Personal name Fermano, Haidee L.
240 ## - UNIFORM TITLE
Uniform title The modern teacher
245 ## - TITLE STATEMENT
Title In heaven/
Statement of responsibility, etc. Haidee L. Fermano.
260 ## - PUBLICATION, DISTRIBUTION, ETC. (IMPRINT)
Place of publication, distribution, etc. Philippines:
Name of publisher, distributor, etc. In the Grade School, Inc.,
Date of publication, distribution, etc. ©2012.
300 ## - PHYSICAL DESCRIPTION
Extent v61 n6, page 218;
Dimensions 28 cm.
500 ## - GENERAL NOTE
General note The Modern Teacher.
650 ## - SUBJECT ADDED ENTRY--TOPICAL TERM
Topical term or geographic name as entry element Poem.
9 (RLIN) 16500
942 ## - ADDED ENTRY ELEMENTS (KOHA)
Source of classification or shelving scheme Dewey Decimal Classification
Koha item type Periodicals
Holdings
Withdrawn status Lost status Source of classification or shelving scheme Damaged status Not for loan Home library Current library Date acquired Total Checkouts Full call number Date last seen Price effective from Koha item type Public note
    Dewey Decimal Classification     UM Digos College - LIC UM Digos College - LIC 01/17/2020   DPer 370.105 M72 Jan-Dec 2012 v. 60-61 01/17/2020 01/17/2020 Periodicals Periodical article